Settling disputes through arbitration in Kenya / (Record no. 41461)
[ view plain ]
| 000 -LEADER | |
|---|---|
| fixed length control field | 00534nam a22001577a 4500 |
| 008 - FIXED-LENGTH DATA ELEMENTS--GENERAL INFORMATION | |
| fixed length control field | 121106b xxu||||| |||| 00| 0 eng d |
| 020 ## - INTERNATIONAL STANDARD BOOK NUMBER | |
| International Standard Book Number | 9789966046000 |
| 050 ## - LIBRARY OF CONGRESS CALL NUMBER | |
| Classification number | KN398 .M85 2012 |
| 100 ## - MAIN ENTRY--PERSONAL NAME | |
| Personal name | Muigua, Kariuki |
| 245 ## - TITLE STATEMENT | |
| Title | Settling disputes through arbitration in Kenya / |
| Statement of responsibility, etc | Kariuki, Muigua |
| 260 ## - PUBLICATION, DISTRIBUTION, ETC. (IMPRINT) | |
| Place of publication, distribution, etc | Nairobi, Kenya. |
| Name of publisher, distributor, etc | Glenwood Publishers Limited |
| Date of publication, distribution, etc | 2012. |
| 300 ## - PHYSICAL DESCRIPTION | |
| Extent | 225 p. |
| 500 ## - GENERAL NOTE | |
| General note | Includes bibliographical references and index |
| 650 ## - SUBJECT ADDED ENTRY--TOPICAL TERM | |
| Topical term or geographic name as entry element | Setttling disputes - - Kenya - Arbitration - - Kenya |
| 942 ## - ADDED ENTRY ELEMENTS (KOHA) | |
| Source of classification or shelving scheme | Library of Congress Classification |
| Item type | Book |
| Withdrawn status | Lost status | Source of classification or shelving scheme | Damaged status | Not for loan | Collection code | Home library | Current library | Shelving location | Date acquired | Source of acquisition | Total Checkouts | Full call number | Barcode | Date last borrowed | Price effective from | Koha item type |
|---|---|---|---|---|---|---|---|---|---|---|---|---|---|---|---|---|
| Library of Congress Classification | Non-fiction | Bishop Okullu Memorial Library (Limuru Campus) | Bishop Okullu Memorial Library (Limuru Campus) | General Circulation | 06/11/2012 | donation | 1 | KN398 .M85 2012 | 033756 | 15/02/2023 | 06/11/2012 | Book | ||||
| Library of Congress Classification | Non-fiction | Bishop Okullu Memorial Library (Limuru Campus) | Bishop Okullu Memorial Library (Limuru Campus) | General Circulation | 06/11/2012 | donation | 2 | KN398 .M85 2012 | 033757 | 15/02/2023 | 06/11/2012 | Book |